"Second Best" - Canada Edition - Statistics

General Stats
  • This quiz has been taken 14 times
    12 since last reset
  • The average score is 11 of 20
Answer Stats
Category First Second % Correct
Canada's Largest Trading Partner United States China
83%
Most Populous City in Alberta Calgary Edmonton
83%
Country with the Most Annual Tourists from Canada United States Mexico
83%
Largest Canadian Province by Area Quebec Ontario
83%
Country with the Most Annual Tourists to Canada United States United Kingdom
83%
Most Populous Canadian Island Île de Montréal {Vancouver} Island
83%
Most Recent Canadian City to Host the Olympics (Summer or Winter) Vancouver Calgary
75%
NHL team with the Most Stanley Cup Wins. Montreal Canadiens Toronto Maple Leafs
67%
Largest Lake Entirely in Canada Great Bear Lake {Great Slave} Lake
58%
Toronto's Most Populous Suburb (2025 Estimate) Brampton Mississauga
58%
Canadian Artist with the Most Global Spotify Streams Drake The Weeknd
50%
Longest River in Canada Mackenzie River {Yukon} River
50%
Most Visited Canadian National Park Banff National Park Jasper National Park
42%
Oldest Continuously Inhabited Canadian City Quebec City St. John's
42%
Longest Serving Canadian Prime Minister William Lyon Mackenzie King John A. Macdonald
33%
Greatest Canadian - as voted by Canadians in 2004 for the CBC Documentary Series, "The Greatest Canadian". Tommy Douglas Terry Fox
33%
Canadian City (Population Over 100K) with the Highest Violent Crime Rate Thunder Bay Winnipeg
33%
Most Grown Crop in Canada (by Seeded Area) Wheat Canola
25%
Most Common Country of Origin for Canadian Immigrants India Philippines
25%
Canadian-Born Actor or Actress with the most Oscar Nominations Norma Shearer Walter Huston
8%
No matching quizzes found
Score Distribution
Percent of People with Each Score
Percentile by Number Answered
Your Score History
You have not taken this quiz since the last reset